000 02050nam2a22002411 4500
001 RU\NLR\INFOCOMM10\1000140406
005 20250617172659.0
035 _a(NLR Aleph) 002849289
090 _a3002389
_c3002389
100 _a20040129d1955 |||y0rusy50 ca
101 0 _arus
102 _aRU
105 _ay |||||||||
200 1 _aСточные воды заводов сухой перегонки дерева лиственных пород (бука), их влияние на водоем и методы обработки
210 _d1955
_aБ. м.
461 0 _1001RU\NLR\INFOCOMM10\1000140402
_12001#$aИнформационные материалы$fСССР М-во строит. предприятий тяж. индустрии. Техн. упр. Всес. науч.-исслед. ин-т водоснабжения, канализации, гидротехн. сооружений и инженерной гидрогеологии "ВОДГЕО". Лаборатория биологической очистки сточных вод$v№4
_93002356
_aВсесоюзный научно-исследовательский институт водоснабжения, канализации, гидротехнических сооружений и инженерной гидрогеологии. Лаборатория биологической очистки промышленных сточных вод
_cМ.
_d1953-1959
_fСССР М-во строит. предприятий тяж. индустрии. Техн. упр. Всес. науч.-исслед. ин-т водоснабжения, канализации, гидротехн. сооружений и инженерной гидрогеологии "ВОДГЕО". Лаборатория биологической очистки сточных вод
_tИнформационные материалы
_v№4
801 1 _aRU
_bInfoComm
_c20040129
801 0 _aRU
_bNLR
_gPSBO
852 _aNLR
_jП16/535
942 _cISSUE
980 _aNB
980 _aRUSPER